000
00292nam a2200121Ia 4500
008
190905s9999||||xx |||||||||||||| ||und||
020
_a
9.7881219282e+012
100
_a
Dr.J.L.Jain
245
0
_a
Elementary Biochemistry
260
_a
New Delhi
_b
S.Chand
_c
2018
300
_a
588
942
_c
BK
999
_c
5849
_d
5849